| 000 | 01186nam a2200313Ia 4500 | ||
|---|---|---|---|
| 001 | ebr10358348 | ||
| 003 | CaPaEBR | ||
| 006 | m u | ||
| 007 | cr cn||||||||| | ||
| 008 | 960507s1997 nyua sb 001 0 eng d | ||
| 010 | _z 96008884 | ||
| 020 | _z9780195110425 | ||
| 020 | _z0195110420 | ||
| 040 |
_aCaPaEBR _cCaPaEBR |
||
| 035 | _a(OCoLC)76835154 | ||
| 050 | 1 | 4 |
_aQL698.3 _b.J68 1997eb |
| 082 | 0 | 4 |
_a598.2556 _220 |
| 100 | 1 | _aJohnsgard, Paul A. | |
| 245 | 1 | 4 |
_aThe avian brood parasites _h[electronic resource] : _bdeception at the nest / _cPaul A. Johnsgard. |
| 260 |
_aNew York : _bOxford University Press, _c1997. |
||
| 300 |
_axii, 409 p. : _bill. |
||
| 504 | _aIncludes bibliographical references (p. 379-396) and index. | ||
| 533 |
_aElectronic reproduction. _bPalo Alto, Calif. : _cebrary, _d2010. _nAvailable via World Wide Web. _nAccess may be limited to ebrary affiliated libraries. |
||
| 650 | 0 | _aParasitic birds. | |
| 650 | 0 | _aBrood parasites. | |
| 655 | 7 |
_aElectronic books. _2local |
|
| 710 | 2 | _aebrary, Inc. | |
| 856 | 4 | 0 |
_uhttp://site.ebrary.com/lib/rucke/Doc?id=10358348 _zAn electronic book accessible through the World Wide Web; click to view |
| 999 |
_c107600 _d107600 |
||